| 000 | 00540nam a2200217Ia 4500 | ||
|---|---|---|---|
| 005 | 20250425161459.0 | ||
| 008 | 250425s9999 xx 000 0 und d | ||
| 041 | _aeng | ||
| 082 | _a622.3382 | ||
| 110 | _aSOCIETY OF PETROLEUM ENGINEERS OF AIME | ||
| 245 | 0 | _aPRESSURE ANALYSIS METHODS | |
| 250 | _aS.E. | ||
| 260 |
_aEstados Unidos _bSPE _c1967 |
||
| 260 | _aNEW YORK | ||
| 300 | _a256 | ||
| 650 | _aPETROLEO-PRODUCTOS | ||
| 650 | _aPRESION DE LOS FLUIDOS | ||
| 650 | _aRESERVAS PETROLERAS | ||
| 942 | _c01 | ||
| 010 | _a21292 | ||
| 999 |
_c210127 _d210127 |
||